Contratos conexos : grupos y redes de contratos /
Contenido: Primera parte: Conexidad negocial; El por qué de la conexidad; Semejanzas y diferencias con otras figuras; Los efectos de la conexidad contractual; La prueba de la conexidad contractual; Segunda parte: Colaboración empresaria. Contratos de colaboración empresaria; La empresa como elemento...
Guardat en:
| Autor principal: | |
|---|---|
| Format: | Llibre |
| Idioma: | espanyol |
| Matèries: | |
| Etiquetes: |
Sense etiquetes, Sigues el primer a etiquetar aquest registre!
|
MARC
| LEADER | 00000nam^a2200000^a^4500 | ||
|---|---|---|---|
| 001 | 000157627 | ||
| 005 | 20250521000000.0 | ||
| 009 | 20260310100546.076 | ||
| 020 | |a 950-727-227-0 | ||
| 037 | |a Acervo ITESO - Biblioteca | ||
| 041 | |a ESP | ||
| 082 | |a 346. 820728 |b MOS | ||
| 100 | |a Mosset Iturraspe, Jorge |e (autor) | ||
| 245 | 1 | 0 | |a Contratos conexos : |b grupos y redes de contratos / |c J. Mosset Iturraspe. |
| 264 | |a Buenos Aires, Argentina : |b Rubinzal-Culzoni, |c 1999 | ||
| 300 | |a 248 p. | ||
| 336 | |a texto |b txt |2 rdacontenido | ||
| 337 | |a sin mediación |b n |2 rdamedio | ||
| 338 | |a volumen |b nc |2 rdasoporte | ||
| 520 | |a Contenido: Primera parte: Conexidad negocial; El por qué de la conexidad; Semejanzas y diferencias con otras figuras; Los efectos de la conexidad contractual; La prueba de la conexidad contractual; Segunda parte: Colaboración empresaria. Contratos de colaboración empresaria; La empresa como elemento unificador del derecho civil y el derecho comercial; El consumidor como destinatario del quehacer de la empresa; La empresa y el proceso económico; El por qué de la colaboración empresaria. Grandes, medianas y pequeñas empresas. La concentración empresaria. Los agrupamientos; Colaboración para la producción, la distribución o el consumo. Las principales variantes; Los procesos dialécticos: empresa y consumidor. Mercado y derecho. El lucro y la ética. Regulación y desregulación; Modalidades de la colaboración; Igualdad o desigualdad en los distintos momentos del contrato de colaboración; Tercera Parte: Contratación moderna. Los contratos conexos y las tarjetas de crédito; el turismo (viajes combinados) y los contratos conexos; El servicio de salud (la medicina prepaga) y los contratos conexos; El tiempo compartido y los contratos conexos; El leasing y los contratos conexos; el negocio fiduciario (fideicomiso) y los contratos conexos; Las operaciones de crédito al consumo y los contratos conexos; El transporte multimodal o combinado y los contratos conexos; Los hipercentros de consumo y los contratos conexos. | ||
| 649 | |a XX | ||
| 650 | |a Tarjetas de Crédito - |x Aspectos Jurídicos | ||
| 650 | |a Consumo - |x Aspectos Jurídicos | ||
| 650 | |a Sistema de Transporte - |x Aspectos Jurídicos | ||
| 650 | |a Servicios Médicos y de Salud - |x Aspectos Jurídicos | ||
| 650 | |a Fideicomiso | ||
| 650 | |a Arrendamiento Financiero | ||
| 650 | |a Turismo - |x Aspectos Jurídicos | ||
| 650 | |a Empresas - |x Aspectos Jurídicos | ||
| 650 | |a Sector Servicios | ||
| 650 | |a Contratos Mercantiles - |z Argentina | ||
| 650 | |a Contratos - |z Argentina | ||
| 650 | |a Derecho Mercantil - |z Argentina | ||
| 650 | |a Derecho Civil - |z Argentina | ||
| 650 | |a Derecho Privado - |z Argentina | ||
| 650 | |a Derecho Positivo - |z Argentina | ||
| 910 | |a Fondo General | ||
| 920 | |a Impresos - Libros | ||
| 930 | |a Colección General | ||
| 905 | |a 101 | ||
| 901 | |a 0500087469 |b IT1 |c ACC |u 20250521 | ||
| 902 | |a https://opac.biblio.iteso.mx/vufind/Record/000157627 | ||